| 000 | 00573nam a2200217Ia 4500 | ||
|---|---|---|---|
| 008 | 191130s2007##################000#0#eng## | ||
| 020 | _a9781845577476 | ||
| 040 |
_aACL _cACL |
||
| 082 | _a370.114 BET | ||
| 245 | _aA better me | ||
| 250 | _a1st ed | ||
| 260 |
_aNew Delhi _bSterling Publishers Private Limited _c2007 |
||
| 300 | _aun paged : col. ill. ; 28 cm | ||
| 500 | _aAge:5+ | ||
| 650 | _aChildren's stories | ||
| 650 | _aHabits | ||
| 650 | _aHappy reading | ||
| 990 | _afaba3626ac10000c583d7f437e07f543 | ||
| 991 | _a131748 | ||
| 999 |
_c339422 _d339422 |
||